[Event "Manhem Chess Week-IM 2019"]
[Site "Moelnlycke"]
[Date "2019.08.16"]
[Round "9.6"]
[White "Rydstrom, Tom"]
[Black "Borsuk, Konstantin"]
[Result "1-0"]
[WhiteElo "2345"]
[BlackElo "2372"]
[Annotator "TA"]
[PlyCount "140"]
[EventDate "2019.08.10"]
[EventType "tourn"]
[EventCountry "SWE"]
[SourceTitle "playchess.com"]
[Source "ChessBase"]
[SourceQuality "1"]

{[%evp 12,140,49,9,18,17,9,0,18,3,22,-19,-21,-20,20,25,17,10,10,8,25,16,40,25,61,58,113,110,112,93,110,90,83,35,47,20,18,0,0,0,0,-15,-10,-17,-13,-22,-11,-28,0,0,56,0,-7,0,0,0,38,0,0,-33,8,8,6,8,83,25,202,77,83,83,97,99,141,141,145,122,165,174,171,158,193,190,278,262,229,149,158,154,127,131,172,166,124,70,70,70,89,70,70,70,206,192,327,325,374,369,359,327,316,307,8489,8569,8482,8120,7470,7592,7966,5863,5688,5688,29946,29946,29950,29950,11824,1442,29956,29956,29959,29959,11824]} 1. e4 e6 2. d4 d5 3. Nc3 Bb4 4. e5 b6 5. Qg4 Bf8 6. Nf3 Qd7 7. h4 Ba6 {C16: French: 3 Nc3 Bb4 4 e5: Lines without ...c5} (7... h5 $5 {[%cal Rh5g4]} 8. Qf4 Ne7 $14) 8. Bxa6 Nxa6 9. O-O h5 {The position is equal.} 10. Qf4 Nh6 11. a4 $146 ({Predecessor:} 11. Ne2 Be7 12. b3 Nb4 13. Qd2 c5 14. Ba3 Nc6 15. dxc5 bxc5 {½-½ (29) Kruglyakov,P (2242)-Kruppa,Y (2525) Kiev 2005}) 11... Nb4 12. Qd2 a6 13. Ne2 $36 {[%mdl 2048] White is pushing.} c5 14. c3 Nc6 15. Ng3 Ng4 16. Qe2 c4 17. Bg5 g6 18. Nd2 Rc8 (18... Be7 $14) 19. b3 $16 {And now f3 would win.} b5 20. axb5 axb5 21. bxc4 bxc4 22. Rfb1 Bg7 23. Ngf1 O-O 24. f3 Ngxe5 $1 25. dxe5 Nxe5 26. Be3 Nd3 27. Bd4 $1 e5 28. Bf2 Ra8 29. Ne3 f5 30. Nc2 Bf6 (30... Rxa1 $11 31. Rxa1 Rb8) 31. Ne1 (31. Rxa8 $14 Rxa8 32. Nb4) 31... Nxf2 32. Qxf2 (32. Kxf2 e4 $15) 32... Rxa1 33. Rxa1 e4 34. fxe4 fxe4 35. Qg3 Qf5 {[%mdl 1024] White should prevent ...Be5. Black has compensation.} 36. Nc2 Be5 37. Qe3 Bf4 (37... Bxc3 $1 $11 {keeps the balance.} 38. Qxc3 Qf2+ 39. Kh1 Qxh4+ 40. Qh3 Qxh3+ 41. gxh3 Rf2 42. Nxe4 Rxc2 43. Nf6+ {[%mdl 64] Double Attack} Kf7 44. Nxd5 Ke6) 38. Qd4 (38. Qe1 $1 $16) 38... Qe5 $2 (38... Be5 $1 $11 39. Qb6 (39. Qxd5+ Kh8 $19) 39... Qf4 40. Qxg6+ Bg7 41. Qe6+ (41. Nf3 $2 exf3 42. Qxh5 fxg2 $19) 41... Kh7 42. Qxd5 Qf2+ 43. Kh2 Qxh4+ 44. Kg1 Qf2+ 45. Kh2 Qh4+ 46. Kg1 Qf2+ 47. Kh2 Qh4+) 39. Qxe5 (39. Nf1 $1 $18 {is the precise move to win.}) 39... Bxe5 40. Nd4 Bg3 41. Nf1 $1 {[%cal Rf1g3]} Bf2+ 42. Kh2 Rb8 43. Ra2 Be1 44. Rc2 Bxh4 45. Ne3 Bf6 46. Nxd5 Bxd4 (46... Bg7 $142 47. Kg3 Rd8) 47. cxd4 $18 {[%mdl 4096] Endgame KRN-KR} Rd8 48. Nf4 Rxd4 49. Nxg6 {aiming for Nf4.} e3 {Threatening ...Re4.} 50. Ne5 Re4 51. Nf3 Kg7 {[#]} 52. Kg1 (52. Ne1 $1 $16) 52... h4 53. Kf1 Kh6 54. Ke2 {Hoping for Ng1.} Kh5 $1 55. Nh2 Kg5 (55... h3 $14) 56. Rc1 Kf4 {[#]} (56... Kg6 $142 57. Rh1 Kf5) 57. Nf1 $1 Ke5 58. Nxe3 h3 59. gxh3 Rh4 60. Rh1 (60. Nxc4+ Kd4 $14) (60. Rxc4 Rxh3 61. Kd3 Kd6 $14) 60... Ke4 $2 (60... c3 61. Kd3 Rh8) 61. Nxc4 Kf4 62. Kf2 Rh8 63. Ne3 Ra8 64. Ng2+ Ke4 65. Re1+ Kf5 66. Kf3 Rh8 67. h4 Ra8 68. Rd1 Ra3+ 69. Ne3+ Kg6 70. Rd5 Kh6 {Accuracy: White = 56%, Black = 34%.} 1-0

[Event "Manhem Chess Week-IM 2019"]
[Site "Moelnlycke"]
[Date "2019.08.16"]
[Round "9.7"]
[White "Pham, Bich Ngoc"]
[Black "Jacobsen, Mikkel Manosri"]
[Result "1-0"]
[WhiteElo "2176"]
[BlackElo "2343"]
[Annotator "TA"]
[PlyCount "57"]
[EventDate "2019.08.10"]
[EventType "tourn"]
[EventCountry "SWE"]
[SourceTitle "playchess.com"]
[Source "ChessBase"]
[SourceQuality "1"]

{[%evp 14,234,2,-10,8,4,0,1,-1,-1,-2,0,0,-14,0,0,12,0,0,0,0,-34,0,0,0,-31,-25,-43,-52,-43,-20,-18,-14,-47,-57,-94,0,-138,-135,-136,-132,-149,-38,-25,-25,-49,-43,-112,-115,-109,-96,-108,-98,-147,-146,-385,-30,-30,-30,-30,-31,-25,-25,-25,-7,-90,0,-110,-73,-121,-121,-155,-155,-155,-155,-155,-155,-155,-155,-155,-155,-155,-155,-155,-155,-155,-155,-155,-155,-155,-155,-155,-155,-155,-90,-155,-137,-155,-137,-155,-136,-208,-179,-179,-179,-158,-155,-162,-155,-155,-155,-155,-139,-155,-151,-155,-155,-155,-155,-155,-119,-155,-155,-155,-155,-155,-155,-1446,-179,-157,-155,-200,-155,-155,0,-155,-155,-162,-155,-155,-155,-162,0,-159,-162,-163,0,0,0,0,0,0,0,0,1057,105,29948,501,484,432,405,110,197,211,29960,29961,29958,29962,29955,29952,29961,29945,29956,5388,29972,29973,29973,29974,29975,29976,29976,29977,29976,29976,29979,29980,29980,29979,29979,29980,29984,29985,29985,29986,29987,29987,29987,29988,29988,29989,29989,29990,29990,29991,29991,29991,29992,29993,29993,29994,29994,29994,29995,29996,29996,29997,29997,29997,29997,29998,29998,29999,29999]} 1. f4 Nf6 2. Nf3 g6 3. g3 Bg7 4. Bg2 O-O 5. d3 c5 6. e4 d6 7. O-O Nc6 8. c3 Qc7 {B20: Sicilian: Unusual White 2nd moves} (8... e5 9. Na3 exf4 10. Bxf4 d5 11. Nb5 dxe4 12. dxe4 Bg4 13. Qc2 Qa5 14. a4 a6 15. Bc7 b6 16. Nd6 c4 {0-1 (49) Jakubiec,A (2513)-Shengelia,D (2554) Czech Republic 2016}) 9. Qe2 Rb8 10. a4 a6 {[%cal Ba7a6,Ba6b5,Bb5b4][%mdl 32] The position is equal.} 11. Na3 b5 12. axb5 axb5 13. Bd2 $146 ({Predecessor:} 13. e5 dxe5 14. fxe5 Nd5 15. d4 b4 16. Nb5 {1-0 (41) Igaz,E (2117)-Fodor,I (2092) Hungary 2004}) 13... Nd7 14. f5 Nde5 15. Nxe5 Nxe5 16. g4 b4 17. Nc4 Bd7 18. Nxe5 Bxe5 19. Rf3 bxc3 20. bxc3 Rb2 {And now ...Bxc3! would win.} 21. Qe3 Rfb8 22. Raf1 Be8 23. Rh3 Bg7 24. g5 Rc2 (24... Qa5 $17 25. f6 Qa2) 25. Qf4 (25. Rxh7 $1 $11 Rbb2 26. Rxg7+ Kxg7 27. Rf2) 25... Rbb2 $1 $36 {[%mdl 2048] Black is on the roll.} 26. Rf2 Be5 (26... Bxc3 $2 27. fxg6 Rb1+ 28. Bf1 $18) 27. Qh4 Rxd2 (27... h5 $17 28. gxh6 Kh7) 28. Qxh7+ $15 Kf8 29. Rxd2 {Played: f5-f6} 1-0

[Event "Manhem Chess Week-IM 2019"]
[Site "Moelnlycke"]
[Date "2019.08.16"]
[Round "9.9"]
[White "Malmstig, Erik"]
[Black "Ornstein, Axel"]
[Result "1/2-1/2"]
[WhiteElo "2357"]
[BlackElo "2311"]
[Annotator "TA"]
[PlyCount "44"]
[EventDate "2019.08.10"]
[EventType "tourn"]
[EventCountry "SWE"]
[SourceTitle "playchess.com"]
[Source "ChessBase"]
[SourceQuality "1"]

{[%evp 10,44,13,10,25,26,21,12,28,39,33,0,0,5,25,29,20,0,0,0,3,0,0,-8,-18,-19,0,-18,-15,-31,-40,-39,-29,-60,-56,-50,-42]} 1. d4 d5 2. c4 e6 3. Nc3 Nf6 4. cxd5 exd5 5. Bg5 c6 6. Qc2 Nbd7 {D36: Queen's Gambit Declined: Exchange Variation: Main line (5 Bg5 c6 6 Qc2)} (6... Be7 7. e3 Nbd7 8. Bd3 Nh5 9. Bxe7 Qxe7 10. Nge2 g6 11. O-O O-O 12. Rae1 Ndf6 13. Nc1 Bd7 14. f3 Rfe8 15. Nb3 b6 16. e4 Nf4 17. Qd2 Nxd3 18. Qxd3 Rad8 19. Qe3 Be6 20. e5 Nd7 {0-1 (56) Robson,R (2667)-Akobian,V (2625) Saint Louis 2019}) 7. e3 h6 8. Bh4 g5 {The position is equal.} 9. Bg3 Nh5 10. Nge2 Nxg3 $146 ({Predecessor:} 10... Ndf6 11. f3 Nxg3 12. Nxg3 Bd6 13. Nf5 Bxf5 14. Qxf5 Qe7 {0-1 (58) Rogozenco,D (2510)-Cvek,R (2535) Czech Republic 2016}) 11. Nxg3 Nf6 12. Bd3 Be6 13. O-O-O Qa5 14. h4 {[#] hxg5 is the strong threat.} g4 15. Bf5 O-O-O 16. Bxe6+ fxe6 17. Qg6 Be7 18. Qf7 Kd7 19. Nh5 Nxh5 20. Qxh5 Rdg8 21. Kb1 Qd8 22. Ne2 Qe8 {Accuracy: White = 47%, Black = 67%.} 1/2-1/2